Ciudades de Copa Mundial de la FIFA 2026 - ¡Muerte Súbita! - Estadísticas

Estadísticas generales
  • Esta prueba ha sido intentada 38 veces
  • La puntuación promedio es 5 de 16
Answers on the Grid
Answers color-coded by a green-red scale on the quiz's grid according to % correct below.
Dallas
Ciudad de México
Ciudad de Nueva York
Atlanta
Kansas City
Houston
San Francisco
Los Ángeles
Filadelfia
Seattle
Boston
Miami
Vancouver
Monterrey
Guadalajara
Toronto
Portland
Ciudad del Lago Salado
Fénix
Cleveland
Baltimore
Denver
San Antonio
Washington D.C.
San Luis
Chicago
Detroit
Calgary
Montreal
Edmonton
León
Tijuana
 
Estadísticas de respuestas
Respuesta % Correcto
Ciudad de Nueva York
50%
Toronto
45%
Ciudad de México
41%
Los Ángeles
41%
Miami
41%
Atlanta
32%
Monterrey
32%
Vancouver
32%
Boston
27%
Guadalajara
27%
Seattle
27%
Filadelfia
23%
Houston
23%
Dallas
18%
Kansas City
18%
San Francisco
18%
No se encontraron pruebas coincidentes
Distribución de puntuación
Porcentaje de gente con cada puntuación
Porcentaje por número respondido
Historial de tus puntuaciones
No has intentado esta prueba.